000 00650nam a2200229Ia 4500
003 OSt
005 20220918192046.0
006 a|||||r|||| 00| 0
007 ta
008 220917b |||||||| |||| 00| 0 eng d
024 _a66,775
037 _cTextual
040 _aARTS
_cARTS
_beng
041 _2eng
_aeng
082 _aR3xL11x, L4
100 _aTodd William B ed
_978217
245 0 _aHume and the enlightenment
_b essays presented to Ernest Campbell Mossner
260 _aLondon
_bEdinburgh Univ Press
_c1974
300 _a215p.
_ccm.
942 _hR3xL11x, L4
_cTEXL
_2CC
999 _c193008
_d193008